000 00454nam a2200157Ia 4500
008 120913t2009 xxu||||| |||| 00| 0 sin d
041 _asin
080 _a8 - 31
_bARA
245 _aඅරාබි නිසොල්ලාසය අටවන කොටස
246 _aArabi Nisollasaya Atawana Kotasa
260 _aS. Godage
_aColombo
_c2009
300 _b1312p, ill, 21 cm
942 _cBK
999 _c41933
_d41933
003 LK-CoDNM
040 _aLK-CoDNM
_dLK-CoDNM
_eLK-CoDNM